Casa o lobo /

Guardat en:
Dades bibliogràfiques
Autor principal: Pantin, Yolanda 1954-
Format: Llibre
Idioma:Spanish
Publicat: Caracas : Monte Avila Editores, 1981.
Col·lecció:Los Espacios Cálidos
Matèries:
Etiquetes: Afegir etiqueta
Sense etiquetes, Sigues el primer a etiquetar aquest registre!

MARC

LEADER 00000nam a22000001 4500
001 bimo0001277581
003 SpMaBN
005 20180531132744.0
008 960922s1981 ve spa
040 |a SpMaBN  |b spa  |c CDM 
041 0 |a spa 
082 0 4 |a V861.44  |b P197c 
100 1 |a Pantin, Yolanda  |d 1954- 
245 1 0 |a Casa o lobo /  |c Yolanda Pantín 
260 1 |a Caracas :  |b Monte Avila Editores,  |c 1981. 
300 |a 83 páginas   |c 15 cm 
490 0 |a Los Espacios Cálidos 
500 |a Donación Adriano Corrales  
650 1 7 |a LITERATURA VENEZOLANA   |v POESIA 
942 |2 ddc  |c BK 
956 |a 1 
999 |c 22017  |d 22017